Famiglia, storia, società (Record n. 210543)
[ formato base ]
| 000 -LEADER | |
|---|---|
| fixed length control field | 01643nam a2200205Ia 4500 |
| 001 - CONTROL NUMBER | |
| control field | b6496-46521 |
| 003 - CONTROL NUMBER IDENTIFIER | |
| control field | IT-MiCISF |
| 008 - FIXED-LENGTH DATA ELEMENTS--GENERAL INFORMATION | |
| fixed length control field | 161014s9999||||xx |||||||||||||| ||und|| |
| 040 ## - CATALOGING SOURCE | |
| Original cataloging agency | IT-MiCISF |
| Transcribing agency | IT-MiCISF |
| 041 ## - LANGUAGE CODE | |
| Language code of text/sound track or separate title | it |
| 999 ## - SYSTEM CONTROL NUMBERS (KOHA) | |
| Koha Dewey Subclass [OBSOLETE] | si |
| 100 ## - MAIN ENTRY--PERSONAL NAME | |
| Personal name | Campanini Giorgio |
| 245 #0 - TITLE STATEMENT | |
| Title | Famiglia, storia, società |
| Remainder of title | Studi e ricerche |
| 250 ## - EDITION STATEMENT | |
| Edition statement | 1a ed. |
| 260 ## - PUBLICATION, DISTRIBUTION, ETC. (IMPRINT) | |
| Place of publication, distribution, etc. | Roma |
| Name of publisher, distributor, etc. | Studium |
| Date of publication, distribution, etc. | 2008 |
| 300 ## - PHYSICAL DESCRIPTION | |
| Extent | pp. 293 |
| 500 ## - GENERAL NOTE | |
| General note | / famiglia, storia, società, genitorialità, chiesa, politica-familiare, sessualità, matrimonio / La famiglia è stata assoggettata negli ultimi due secoli ad un processo di accentuata privatizzazione: quella che era stata, per una lunghissima stagione della storia dell'umanità, una delle strutture portanti della società appare oggi come una sorta di ultimo rifugio della vita personale. Nonostante tutto, per altro, la famiglia mantiene una sua fondamentale dimensione sociale, come dimostra la sua stessa storia, in questo volume ripercorsa nelle sue grandi linee. Di qui l'importanza, anche alla luce della lezione del passato, di fare il punto sulla situazione presente della famiglia, per recuperare il senso di un'istituzione che - nonostante le profonde trasformazioni che ha conosciuto - continua ad essere per la maggioranza degli uomini e delle donne un eminente ed insostituibile "luogo dell'umano". Della salvaguardia e della valorizzazione di questo "luogo" anche i pubblici poteri sono chiamati a farsi carico, attraverso lungimiranti politiche familiari, di cui vengono qui proposti i tratti essenziali. |
| 650 ## - SUBJECT ADDED ENTRY--TOPICAL TERM | |
| Topical term or geographic name as entry element | Famiglia nella società / famiglia |
| Relator term | 006 |
| 942 ## - ADDED ENTRY ELEMENTS (KOHA) | |
| Koha item type | LIBRO |
| 957 ## - | |
| -- | 1 |
| 999 ## - SYSTEM CONTROL NUMBERS (KOHA) | |
| -- | 1 |
| Withdrawn status | Lost status | Damaged status | Not for loan | Home library | Current library | Date acquired | Total Checkouts | Full call number | Date last seen | Price effective from | Koha item type | Public note |
|---|---|---|---|---|---|---|---|---|---|---|---|---|
| Buone Condizioni | Not For Loan | CISF - Milano | CISF - Milano | 14/10/2016 | b6496-46521 | 14/10/2016 | 14/10/2016 | LIBRO | Data import 15.10.2016 / by Epidotti, Vaglietti |